[Event "Your Next Move GCT 2018-Blitz"]
[Site "Leuven"]
[Date "2018.06.15"]
[Round "1"]
[White "So, Wesley"]
[Black "Karjakin, Sergey"]
[Result "1/2-1/2"]
[WhiteElo "2856"]
[BlackElo "2816"]
[Annotator "TA"]
[PlyCount "145"]
[EventDate "2018.06.16"]
[EventType "tourn"]
[EventCountry "BEL"]
[SourceTitle "playchess.com"]
[Source "ChessBase"]
[SourceQuality "1"]

{[%evp 17,145,-10,8,-15,3,14,6,10,15,10,13,0,60,60,60,60,60,58,58,54,60,60,59,60,75,59,78,78,92,94,93,90,100,90,104,99,104,94,194,82,104,78,78,78,78,78,80,81,104,104,104,104,111,90,90,90,90,90,90,90,90,90,100,100,100,0,100,100,100,100,100,100,100,90,90,90,90,90,90,90,90,90,90,90,90,90,90,90,90,90,90,90,90,90,90,90,90,0,90,90,90,90,90,90,90,51,51,51,67,51,51,0,0,0,0,0,0,0,0,0,0,0,0,0,0,0,0,0,0,0]} 1. d4 Nf6 2. c4 e6 3. Nc3 Bb4 4. e3 O-O 5. Nf3 d5 6. Bd2 b6 7. cxd5 exd5 8. Bd3 Bb7 9. O-O Re8 {LiveBook: 5 Games. E52: Nimzo-Indian: Rubinstein: 4...0-0 5 Nf3 d5 6 Bd3 b6} (9... Be7 10. Ne5 c5 11. f4 Nc6 12. Qf3 cxd4 13. Nxc6 Bxc6 14. exd4 Ne4 15. Be3 Re8 16. Rac1 Bf6 17. f5 {½-½ (54) Yu,Y (2751)-Wang,H (2709) Riadh 2017}) 10. a3 Bf8 11. b4 Nbd7 12. b5 $146 ({Predecessor:} 12. Qb3 a5 13. Rfc1 c6 14. bxa5 Rxa5 15. Na4 Ra7 16. Bb4 Ba6 17. Bxa6 Rxa6 18. Bxf8 Rxf8 {½-½ (81) Hercules,B (2163)-Masango,S (2232) Johannesburg 2017}) 12... Ne4 13. a4 Ndf6 14. Ne2 a5 (14... a6 $11) 15. Bc1 $14 Bd6 16. Ba3 Qe7 17. Bxd6 cxd6 18. h3 Rac8 19. Rc1 Rxc1 20. Qxc1 Rc8 21. Qb2 Rc7 22. Rc1 h6 23. Rxc7 Qxc7 24. Qc2 Qd8 25. Nh2 Ng5 26. Nf1 Ne6 27. f3 g6 {[#]} (27... Ne8 $16) 28. Kf2 (28. Bxg6 $1 $18 {[%mdl 512] has better winning chances. aiming for Bf5.} fxg6 29. Qxg6+ Kf8 30. Nfg3 (30. Qxh6+ Kf7 $16)) 28... Qe7 29. g3 h5 30. h4 Qd7 31. Nf4 Ng7 32. Nd2 {[%cal Bf1d2,Bd2b1,Bb1c3][%mdl 32]} Qd8 33. Nb1 Qd7 34. Nc3 Ne6 35. Nxe6 Qxe6 36. Ne2 Qd7 37. Nf4 Kf8 38. Bf1 Ke8 39. Bh3 Qe7 40. Bc8 Kd8 {[#]} 41. Bh3 ({Better is} 41. Bxb7 $1 $16 Qxb7 42. Kg1) 41... Qe8 (41... Ke8 $11) 42. Qc3 Qe7 43. Qc1 Qe8 44. Ne2 Qe7 45. Nc3 Qc7 46. Bf1 Qc8 47. Ne2 Qd7 48. Nf4 Qe7 49. Bd3 Qd7 50. Bb1 Ke7 51. Ke2 Kd8 52. Kd2 Qe7 53. Bc2 Qd7 54. Bb3 Qf5 55. Qc2 Qd7 56. Qa2 Qf5 57. Qc2 Qd7 $1 58. Qd1 Qe7 59. Bc2 Qd7 60. Bd3 Qe7 61. g4 hxg4 62. fxg4 {[%cal Bf3g4,Bg4g5][%mdl 32]} Bc8 63. g5 Ne4+ 64. Bxe4 (64. Ke1 $1 $14) 64... Qxe4 $11 {The position is equal.} 65. Qc2 (65. Qb3 {feels hotter.} Be6 66. Qa3 Ke7 67. Qc1 Qf3 68. Qg1) 65... Qxc2+ 66. Kxc2 {[%mdl 4096] Endgame KB-KN} Bf5+ 67. Kd2 Be4 68. Ne2 Ke7 69. Ng3 Ke6 70. Kc3 Bf3 {...Bd1 is the strong threat.} 71. Kc2 Bg4 72. Kd2 Bf3 73. Kc2 {Precision: White = 80%, Black = 65%.} 1/2-1/2

[Event "Your Next Move GCT 2018-Blitz"]
[Site "Leuven"]
[Date "2018.06.15"]
[Round "1"]
[White "Vachier-Lagrave, Maxime"]
[Black "Grischuk, Alexander"]
[Result "1/2-1/2"]
[WhiteElo "2837"]
[BlackElo "2831"]
[Annotator "TA"]
[PlyCount "92"]
[EventDate "2018.06.16"]
[EventType "tourn"]
[EventCountry "BEL"]
[SourceTitle "playchess.com"]
[Source "ChessBase"]
[SourceQuality "1"]

{[%evp 21,92,0,0,0,0,0,4,0,1,0,0,0,0,6,9,9,0,8,2,12,8,0,0,0,0,0,0,0,0,0,3,0,0,3,0,0,0,0,16,16,14,14,14,14,14,14,14,14,14,4,16,1,2,1,1,1,1,1,8,8,8,8,8,1,32,0,8,8,8,8,8,-8,-8]} 1. e4 e5 2. Nf3 Nc6 3. Bc4 Bc5 4. c3 Nf6 5. d3 d6 6. O-O a6 7. a4 h6 8. Re1 {C54: Giuoco Piano: 4 c3 Nf6, main lines with 5 d4 and 5 d3} O-O 9. h3 a5 10. Nbd2 Be6 11. Bb5 Na7 {LiveBook: 4 Games} 12. d4 Nxb5 13. axb5 $146 ({Predecessor:} 13. dxc5 Na7 14. b3 Re8 15. cxd6 Qxd6 {½-½ (56) Vachier Lagrave,M (2789)-Grischuk,A (2783) Tbilisi 2017}) 13... exd4 14. Nxd4 Bd7 15. Nf1 Bxd4 16. cxd4 Bxb5 17. Ng3 d5 18. e5 Ne4 19. Nxe4 dxe4 20. Rxe4 Qd5 21. Rh4 {[#] And now Bxh6! would win.} Ra6 22. Ra3 Rg6 {[%csl Gg6][%cal Rd5g2]} 23. Rg4 Rxg4 24. Qxg4 Bd7 25. Qh4 Bf5 26. Be3 b6 {[%cal Bb7b6,Bb6b5][%mdl 32]} 27. Rc3 c6 28. Qe7 Rc8 29. Qb7 b5 30. Rc5 Qd7 31. Qa6 a4 32. d5 cxd5 33. Rxc8+ Qxc8 34. Qxb5 Qd7 35. Qb4 Kh7 36. Bd4 Qc6 37. Bc3 (37. Bc5 {with more complications.} Qg6 38. Kh2 Bd7 39. f3 Qc2 40. Be3) 37... Qc4 38. Qxc4 dxc4 $11 {[%mdl 4096] Endgame KB-KB} 39. f3 h5 40. g4 hxg4 41. hxg4 Be6 42. Kf2 Kg6 43. Ke3 f5 {The position is equal.} 44. exf6 gxf6 {[%cal Bg7f6,Bf6f5,Bf5g4][%mdl 32]} 45. Kd4 f5 46. Kc5 fxg4 {Precision: White = 75%, Black = 81%.} 1/2-1/2

[Event "Your Next Move GCT 2018-Blitz"]
[Site "Leuven"]
[Date "2018.06.15"]
[Round "1"]
[White "Caruana, Fabiano"]
[Black "Anand, Viswanathan"]
[Result "0-1"]
[WhiteElo "2818"]
[BlackElo "2817"]
[Annotator "TA"]
[PlyCount "102"]
[EventDate "2018.06.16"]
[EventType "tourn"]
[EventCountry "BEL"]
[SourceTitle "playchess.com"]
[Source "ChessBase"]
[SourceQuality "1"]

{[%evp 22,102,0,-4,0,0,0,0,5,0,0,0,32,7,26,0,45,45,42,-69,0,-90,-77,-70,-86,-112,-116,-233,-231,-241,-241,-235,-231,-238,-209,-224,-228,-226,-204,-214,-193,-255,-255,-254,-226,-221,-239,-249,-257,-400,-364,-433,-447,-425,-437,-482,-480,-474,-487,-485,-481,-393,-472,-475,-480,-480,-473,-462,-457,-546,-506,-490,-480,-454,-440,-389,-389,-685,-660,-1271,-1159,-922,-921]} 1. d4 Nf6 2. c4 e6 3. Nc3 Bb4 4. e3 O-O 5. Nge2 d5 6. a3 Bd6 7. c5 Be7 8. b4 c6 {E46: Nimzo-Indian: Rubinstein: 4 e3 0-0 5 Ne2 without early Bd3} 9. Nf4 Nbd7 10. Nd3 (10. Bd3 e5 11. Nfe2 Re8 12. f3 b6 13. O-O a5 14. Bd2 Bb7 15. Be1 Qc8 {½-½ (30) Rapport,R (2730)-Wojtaszek,R (2744) Novi Sad 2016}) 10... b6 11. Be2 a5 12. Bb2 {LiveBook: 9 Games} axb4 13. axb4 Ba6 14. O-O Bc4 15. Qc2 Qc7 {[#]} 16. f4 $146 ({Predecessor:} 16. Rfb1) 16... b5 17. Ne5 Rfb8 18. Rfb1 Nxe5 (18... Bxe2 {is more complex.} 19. Qxe2 Ne4 20. Nxe4 dxe4 21. Qc2 f5) 19. dxe5 Nd7 20. Bxc4 (20. Bg4 $14) 20... bxc4 ({Black should try} 20... Rxa1 $1 $15 21. Rxa1 bxc4) 21. Ne2 (21. Rxa8 $1 $11 Rxa8 22. Ne2) 21... Rxa1 $17 22. Bxa1 Qb7 $1 23. Rb2 {[#]} f6 $1 24. exf6 (24. Nd4 $17) 24... Bxf6 $19 {And now ...Ra8 would win.} 25. Nd4 {[#]} Bxd4 $1 26. exd4 Nf6 27. Rb1 Ne4 28. Bc3 Ra8 29. Be1 Qb5 30. Qe2 Kh8 31. h3 (31. Qe3 $142) 31... h6 32. Kh2 Rf8 33. Qe3 Qa4 34. Rc1 Qa2 35. Bg3 (35. h4 $142) 35... Qb2 36. Be1 Ra8 37. Bc3 Qb3 38. Bd2 Ra2 39. Qxb3 cxb3 {[%mdl 4096] Endgame KRB-KRN} 40. Be1 b2 41. Rb1 {intending b5!} Ra1 42. Rxb2 Rxe1 {KRN-KR} 43. b5 cxb5 44. Rxb5 h5 45. h4 Nf6 {( -> ...Ng4+)} 46. Kg3 Re3+ 47. Kf2 Ng4+ 48. Kf1 Kh7 49. c6 $2 (49. f5) 49... Rc3 {Black is clearly winning.} 50. Rc5 Rxc5 51. dxc5 Ne3+ {Precision: White = 41%, Black = 77%.} 0-1

[Event "Your Next Move GCT 2018-Blitz"]
[Site "Leuven"]
[Date "2018.06.15"]
[Round "1"]
[White "Giri, Anish"]
[Black "Nakamura, Hikaru"]
[Result "1-0"]
[WhiteElo "2799"]
[BlackElo "2878"]
[Annotator "TA"]
[PlyCount "75"]
[EventDate "2018.06.16"]
[EventType "tourn"]
[EventCountry "BEL"]
[SourceTitle "playchess.com"]
[Source "ChessBase"]
[SourceQuality "1"]

{[%evp 21,75,27,30,22,31,33,51,49,60,62,63,55,59,71,63,59,110,78,152,150,157,158,166,168,168,160,524,366,410,360,357,362,371,377,366,382,620,608,658,392,668,656,797,785,788,780,1144,1137,1136,1129,1102,1102,1102,1103,1571,864]} 1. e4 e5 2. Nf3 Nc6 3. Bb5 Nf6 4. O-O Nxe4 5. Re1 Nd6 6. Nxe5 Be7 7. Bf1 Nf5 {C67: Ruy Lopez: Berlin Defence: 4 0-0 Nxe4} (7... Nxe5 8. Rxe5 O-O 9. d4 Bf6 10. Re1 Nf5 11. d5 Re8 12. Rxe8+ Qxe8 13. Qd3 d6 14. Nd2 Bg5 15. Nf3 Bxc1 16. Rxc1 Bd7 17. Re1 Qd8 18. Qc4 {1-0 (31) Carlsen,M (2843)-Aronian,L (2764) Stavanger 2018}) 8. Nf3 d5 9. d4 O-O 10. Nc3 (10. h3 Nh4 11. Nxh4 Bxh4 12. c3 Bg5 13. Na3 Bxc1 14. Qxc1 Bf5 15. Qf4 {½-½ (85) Giri,A (2782)-Nakamura,H (2787) Leuven 2016}) 10... Nh4 11. Nxh4 Bxh4 {LiveBook: 3 Games} 12. Ne2 $146 ({Predecessor:} 12. Be3 Bf5 13. Qf3 Be6 14. Ne2 Nb4 15. Rec1 {½-½ (23) Hovhannisyan,R (2606)-Rodshtein,M (2695) Tbilisi 2017}) 12... Re8 13. c3 Bf6 14. Bf4 Ne7 15. Ng3 g6 16. Qf3 Bg7 17. Be5 Be6 18. Qf4 c6 {[#]} (18... Bxe5 $14 19. Rxe5 Nc6) 19. Bd3 $1 $16 Qd7 ({Better is} 19... Nc8) 20. Bxg7 Kxg7 21. Qe5+ $40 {[%mdl 128] White is out for blood.} Kg8 {[#]} 22. Qg5 $1 f6 23. Qxf6 Nc8 $2 (23... Nf5 $16 24. Re5 Nxg3) 24. Re5 {Bxg6! is the strong threat.} Qe7 25. Qf4 Qf7 26. Qg5 Nb6 27. Rae1 Nd7 28. R5e3 Nf8 $2 (28... Kh8 29. h4 Nf8) 29. Nh5 $18 {[%cal Bg3h5,Bh5f4,Bf4g6,Bg6e7][%mdl 32]} Nd7 30. Nf4 {[%cal Re3e6]} Nf8 $2 (30... Bf5 31. Bxf5 Rxe3 32. Rxe3 Qxf5 33. Qxf5 gxf5) 31. h4 {[%cal Bh2h4,Bh4h5][%mdl 32] White is clearly winning.} Bd7 32. h5 Rxe3 33. Rxe3 Re8 34. hxg6 hxg6 35. Nxg6 {White threatens Ne7+ and mate.} Rxe3 36. Ne7+ ({Inferior is} 36. Qxe3 Nxg6 37. Qg5 Kg7 $15) 36... Kh8 37. fxe3 Qe6 38. Bf5 {Precision: White = 92%, Black = 41%.} 1-0

[Event "Your Next Move GCT 2018-Blitz"]
[Site "Leuven"]
[Date "2018.06.15"]
[Round "1"]
[White "Mamedyarov, Shakhriyar"]
[Black "Aronian, Levon"]
[Result "0-1"]
[WhiteElo "2757"]
[BlackElo "2809"]
[Annotator "TA"]
[PlyCount "92"]
[EventDate "2018.06.16"]
[EventType "tourn"]
[EventCountry "BEL"]
[SourceTitle "playchess.com"]
[Source "ChessBase"]
[SourceQuality "1"]

{[%evp 20,92,-61,-85,-76,-129,-71,-83,-67,-121,-119,-131,-68,-61,-55,-72,-60,-64,-35,-54,0,0,20,21,31,-25,0,0,0,-60,-64,-91,-50,-68,-56,-40,-43,-78,-21,-11,-8,-8,0,-32,-22,-21,0,-151,-143,-123,-145,-145,-131,-131,-131,-139,-131,-138,-131,-131,-131,-222,-216,-393,-393,-395,-392,-760,-748,-720,-720,-5085,-1008,-29998,-29999]} 1. d4 Nf6 2. Nf3 d5 3. e3 c5 4. b3 cxd4 5. exd4 g6 6. Bb2 Bg7 7. Nbd2 O-O 8. Bd3 Nc6 {D04: Damenbauernspiele} 9. a3 Nh5 (9... Bf5 10. Bxf5 gxf5 11. O-O Ne4 12. Re1 e6 13. Nf1 Rc8 14. Ng3 {0-1 (71) Maghsoodloo,P (2584)-Pantsulaia,L (2607) Doha 2016}) 10. O-O Nf4 11. Bb5 {LiveBook: 3 Partien} Bg4 {Droht ...Sxd4! und aus.} 12. h3 {[#]} (12. Bxc6 $142 bxc6 13. Re1) 12... Bh5 (12... Bxd4 $142 $1 {[%mdl 512] Droht stark ...Lxf3.} 13. c3 (13. Bxd4 Nxd4) 13... Bxf3 14. Qxf3 Be5) 13. Bxc6 bxc6 14. Re1 $146 {[#]} ({Besser ist} 14. Kh2 $15) ({Vorgänger:} 14. Kh2 Bxf3 15. Nxf3 {0-1 (22) Acosta,M (2063)-Mulyar,M (2410) Toronto 2011}) 14... c5 $1 $17 {[%mdl 512]} 15. Qc1 {[#]} (15. dxc5 Bxb2) 15... c4 $1 {[%mdl 512]} 16. Re3 $15 (16. bxc4 dxc4) 16... Rc8 {zielt auf ...c3! ab.} 17. Qe1 Bh6 18. Bc3 cxb3 19. cxb3 a5 (19... Qd7 $15) 20. Nf1 $1 $11 Bxf3 21. Rxf3 Ne6 22. Rd1 (22. Bxa5 $14 Qd7 23. Rd1) 22... Qd6 23. a4 Bg7 24. Re3 ({Lieber} 24. Rfd3 $1 $11) 24... Rb8 $15 25. Bb2 Qb6 26. Nh2 Nxd4 27. Bxd4 Bxd4 28. Rxe7 Bc5 ({Günstiger ist} 28... Qc5 $17 {Und weiter mit ...Lxf2+! wäre nett.} 29. Rd7 Qc6) 29. Re5 Qxb3 {Weiss sollte ...Tfd8 verhindern.} 30. Rexd5 Rfe8 {[%cal Bf8e8,Be8e6,Be6e1][%mdl 32]} 31. Qf1 Bb4 $36 {[%mdl 2048] Schwarz kämpft um Vorteil.} 32. Ng4 {Schwarz muss nun Sf6+ beachten.} Re6 33. Rd8+ $2 {[#]} (33. f4 $11) 33... Rxd8 $1 $17 34. Rxd8+ Kg7 35. Qa1+ Bc3 36. Rd3 Bxa1 37. Rxb3 {[%mdl 4096] Endspiel KTL-KTS} Re1+ 38. Kh2 Re4 39. Ra3 Bd4 40. f3 (40. Kg3 $17) 40... Re1 $19 41. Rd3 $2 (41. f4 {war nötig.}) 41... Bg1+ 42. Kg3 h5 43. Nh2 $2 {[#]} (43. Rd5 hxg4 44. Rxa5) 43... h4+ $1 {[%mdl 512]} 44. Kxh4 Bxh2 45. Rd5 Re5 (45... Rg1 $142 46. f4 Rxg2) 46. Rd3 Rh5+ {Precision: Weiß = 40%, Schwarz = 51%.} 0-1

[Event "Your Next Move GCT 2018-Blitz"]
[Site "Leuven"]
[Date "2018.06.15"]
[Round "2"]
[White "Nakamura, Hikaru"]
[Black "Karjakin, Sergey"]
[Result "1/2-1/2"]
[WhiteElo "2878"]
[BlackElo "2816"]
[Annotator "TA"]
[PlyCount "114"]
[EventDate "2018.06.16"]
[EventType "tourn"]
[EventCountry "BEL"]
[SourceTitle "playchess.com"]
[Source "ChessBase"]
[SourceQuality "1"]

{[%evp 15,114,12,17,-3,0,-13,-12,-15,-14,-18,-19,-20,-23,-26,-20,-30,0,-20,-7,-21,1,0,10,0,5,0,4,-9,0,0,89,24,78,81,78,44,111,129,119,115,156,153,130,134,137,137,129,131,117,24,44,47,64,28,38,36,43,43,53,0,12,0,0,0,0,0,0,0,18,18,19,19,19,19,19,0,0,0,0,0,0,0,8,0,0,0,0,0,0,0,0,0,0,0,0,0,0,0,0,0,0]} 1. e4 e5 2. Nf3 Nc6 3. Bb5 Nf6 4. d3 Bc5 5. Bxc6 dxc6 6. h3 {C65: Ruy Lopez: Berlin Defence (3...Nf6), unusual lines and 4 0-0 Bc5} O-O 7. Be3 Bd6 8. Nbd2 Nd7 {LiveBook: 8 Games} 9. Nf1 c5 10. Ng3 Nb8 11. Bg5 $146 ({Predecessor:} 11. Nf5 Nc6 12. g4 Be6 13. Ng5 a5 {½-½ (41) So,W (2788)-Dominguez Perez,L (2739) Saint Louis 2017}) 11... Be7 12. Bxe7 (12. Bc1 {looks sharper.} Nc6 13. O-O Be6 14. Nf5 Re8 15. Bd2) 12... Qxe7 13. O-O Nc6 14. Nd2 Qg5 15. Nf3 {[%cal Bd2f3,Bf3h4,Bh4f5][%mdl 32]} Qe7 16. Qd2 f6 17. Nh4 Qe8 18. Nhf5 Be6 19. f4 c4 20. fxe5 fxe5 21. Rf3 cxd3 22. Raf1 $40 {[%mdl 128] [#] aiming for Nh6+! Black needs to defend precisely.} Qg6 (22... Rf7 $1 $11 {keeps the balance.}) 23. Qxd3 (23. cxd3 $16 h6 24. b4) 23... Qg5 (23... Rf7 $11) 24. Qb5 $16 Rfb8 25. Qc5 Re8 ({Better is} 25... g6 $14) 26. b4 {Strongly threatening b5.} a6 27. a4 {[%cal Ba2a4,Ba4b5][%mdl 32] And now b5 would win.} Qd2 28. b5 axb5 29. axb5 Qb4 30. Qe3 Bxf5 31. Nxf5 Nd4 {[#]} (31... Qxb5 $2 32. Qg5 $18) 32. Qg5 (32. Rg3 $1 $16 {[%cal Rg3g7]} Nxf5 33. exf5) 32... Nxf5 ({Not} 32... Nxf3+ $2 33. Rxf3 Qf8 34. Nh6+ Kh8 35. Rxf8+ $18) 33. Qxf5 Qc5+ 34. Kh2 Qe7 35. Qf7+ Qxf7 36. Rxf7 $14 {[%mdl 4096] Endgame KRR-KRR} Rf8 37. R7f5 (37. Rxf8+ $14 Rxf8 38. Rd1) 37... g6 {The position is equal.} (37... Rfe8 {feels hotter.} 38. Rd1 g6 39. Rff1 Red8 40. Kg3 Kg7) 38. R5f3 Rxf3 39. Rxf3 $11 {KR-KR} Ra5 40. Rb3 b6 41. Kg3 Ra4 42. Rc3 Rb4 43. Rxc7 {Hoping for c4.} Rxb5 44. Kg4 {Kg5 is the strong threat.} h6 45. Kf3 Rb1 46. Re7 Rb5 47. Ke3 Kf8 48. Rd7 Rb1 49. Rd6 Kf7 50. Rc6 h5 51. h4 b5 52. g3 b4 53. Rc5 b3 54. cxb3 Rxb3+ 55. Kf2 Kf6 56. Rc6+ Kf7 57. Rc5 Kf6 {Precision: White = 52%, Black = 65%.} 1/2-1/2

[Event "Your Next Move GCT 2018-Blitz"]
[Site "Leuven"]
[Date "2018.06.15"]
[Round "2"]
[White "Grischuk, Alexander"]
[Black "Caruana, Fabiano"]
[Result "1-0"]
[WhiteElo "2831"]
[BlackElo "2818"]
[Annotator "TA"]
[PlyCount "63"]
[EventDate "2018.06.16"]
[EventType "tourn"]
[EventCountry "BEL"]
[SourceTitle "playchess.com"]
[Source "ChessBase"]
[SourceQuality "1"]

{[%evp 18,63,0,0,43,0,83,116,101,84,106,55,52,53,49,56,50,55,61,66,62,64,127,125,131,121,165,162,156,144,177,169,252,225,415,412,400,399,452,429,401,327,453,334,695,667,710,704]} 1. e4 c5 2. Nf3 e6 3. d4 cxd4 4. Nxd4 a6 5. Nc3 Qc7 6. Bd3 Nf6 7. f4 Bb4 8. Bd2 {B43: Sicilian: Kan Variation: 5 Nc3} (8. Nb3 Bxc3+ 9. bxc3 d6 10. Ba3 O-O 11. Qd2 Rd8 12. O-O Nc6 13. Rf3 b5 14. Rg3 Kh8 15. Rf1 Bb7 {1-0 (39) Ivanchuk,V (2765)-Nakamura,H (2753) Sao Paulo/Bilbao 2011}) 8... Bxc3 9. Bxc3 Qxf4 10. Qe2 {LiveBook: 4 Games. The position is equal.} Nc6 $146 ({Predecessor:} 10... d5 11. Rf1 Qg4 12. exd5 Qxe2+ 13. Nxe2 Nxd5 14. Bxg7 Rg8 15. Be5 Nc6 {0-1 (60) Muzychuk,A (2555)-Dzagnidze,N (2550) Tromsoe 2014}) 11. Rf1 Qh4+ (11... Qxh2 $11 {keeps the balance.} 12. Qf2 Ne5) 12. g3 $16 Qg4 13. Nxc6 {[#] Threatens to win with Na5.} (13. Qe3 {keeps more tension.} Ne7 14. Nf3 d6 15. Bxf6 gxf6 16. O-O-O) 13... dxc6 14. Rxf6 (14. Qf2 $16 {e5 is the strong threat.} O-O 15. Bxf6 gxf6 16. Qxf6) 14... Qxe2+ $14 15. Kxe2 {aiming for Rff1.} gxf6 16. Bxf6 Rg8 17. e5 {[%mdl 1024] White has compensation.} h5 18. Rd1 {Black must now prevent Bh7.} Bd7 $1 19. Be4 Rb8 ({Black should play} 19... Rg4 $14 20. Bf3 Rc4) 20. Bf3 $16 c5 21. Rd6 Bc6 22. Bxh5 Bd5 23. b3 c4 24. Ke3 Rc8 {[#]} (24... Rg6 {is a better defense.}) 25. g4 $1 $18 {[%cal Bg3g4,Bg4g5][%mdl 32]} b5 $2 (25... Kf8 26. Rd7 Rg6) 26. g5 cxb3 27. cxb3 Rg6 28. Kd4 Kf8 29. h4 {[%cal Bh2h4,Bh4h5][%mdl 32]} Kg8 30. Be2 b4 $2 (30... Rg7 31. Bxg7 Kxg7) 31. h5 Rxf6 32. exf6 {Precision: White = 73%, Black = 29%.} 1-0

[Event "Your Next Move GCT 2018-Blitz"]
[Site "Leuven"]
[Date "2018.06.15"]
[Round "2"]
[White "Anand, Viswanathan"]
[Black "Mamedyarov, Shakhriyar"]
[Result "1/2-1/2"]
[WhiteElo "2817"]
[BlackElo "2757"]
[Annotator "TA"]
[PlyCount "65"]
[EventDate "2018.06.16"]
[EventType "tourn"]
[EventCountry "BEL"]
[SourceTitle "playchess.com"]
[Source "ChessBase"]
[SourceQuality "1"]

{[%evp 9,65,0,0,0,0,0,0,-5,9,6,4,0,2,5,7,6,0,0,0,0,0,-3,0,-16,-6,-5,-19,-20,0,0,0,0,0,0,0,0,15,15,15,8,10,0,0,0,4,5,8,7,7,7,7,6,8,8,8,0,0,0]} 1. e4 c5 2. Nf3 Nf6 3. Nc3 d5 4. Bb5+ Bd7 5. Bxd7+ Qxd7 {The position is equal.} 6. e5 {B29: Sicilian: 2 Nf3 Nf6 (Nimzowitsch Variation)} Ng8 7. d4 e6 8. O-O Nc6 9. Ne2 cxd4 10. Nexd4 Nxd4 11. Nxd4 Ne7 12. Be3 $146 ({Predecessor:} 12. Qg4) 12... Nc6 13. Nxc6 Qxc6 14. Qg4 a6 15. Rac1 Rc8 16. c3 Qc4 17. Qxc4 Rxc4 18. b3 Rc6 19. c4 dxc4 20. Rxc4 Rxc4 21. bxc4 $11 {[%mdl 4096] Endgame Strongly threatening Rb1. KRB-KRB} Kd7 22. Rb1 Kc6 23. Rb6+ Kc7 24. c5 Be7 25. c6 Rb8 26. Kf1 a5 27. cxb7 Rxb7 28. Ra6 Rb1+ 29. Ke2 Rb2+ 30. Kd3 Rxa2 31. Ra7+ Kd8 32. Ra8+ Kd7 33. Ra7+ {Precision: White = 87%, Black = 88%.} 1/2-1/2

[Event "Your Next Move GCT 2018-Blitz"]
[Site "Leuven"]
[Date "2018.06.15"]
[Round "2"]
[White "Aronian, Levon"]
[Black "So, Wesley"]
[Result "1/2-1/2"]
[WhiteElo "2809"]
[BlackElo "2856"]
[Annotator "TA"]
[PlyCount "77"]
[EventDate "2018.06.16"]
[EventType "tourn"]
[EventCountry "BEL"]
[SourceTitle "playchess.com"]
[Source "ChessBase"]
[SourceQuality "1"]

{[%evp 11,77,39,27,2,8,5,12,8,20,-31,-6,-14,-13,-14,-10,-35,-24,-31,-23,-33,-11,-15,5,0,10,0,2,0,0,0,0,0,0,-4,4,0,0,0,0,0,0,0,0,0,0,0,0,0,6,0,0,0,10,10,8,0,36,24,31,0,0,0,0,0,0,0,0,0]} 1. e4 e6 2. d4 d5 3. Nc3 dxe4 4. Nxe4 Nd7 5. g3 Be7 6. Bg2 {C10: French with 3 Nc3: Unusual Black 3rd moves and 3...dxe4} (6. Nf3 Ngf6 7. Qe2 Nxe4 8. Qxe4 Rb8 9. Bg2 b5 10. O-O O-O 11. Rd1 Bb7 12. Qe2 Nf6 13. c3 a6 14. a4 {½-½ (45) Anand,V (2776)-Meier,G (2648) Karlsruhe/Baden-Baden 2018}) 6... Ngf6 {LiveBook: 65 Games} 7. Ne2 O-O 8. O-O Nxe4 9. Bxe4 e5 10. Qd3 $146 (10. c3 $11) ({Predecessor:} 10. Re1 c6 11. b3 Nf6 12. Bf3 exd4 13. Nxd4 {½-½ (39) Schulz,L (2223)-Giessmann,S (2234) Rosenheim 2017}) 10... h6 (10... exd4 {with more complications.} 11. Bxh7+ Kh8 12. Be4 Nc5 13. Qf3 Nxe4 14. Qxe4 Bf6) 11. dxe5 Nxe5 12. Qxd8 Rxd8 13. Bf4 Bf6 14. f3 c6 15. Rad1 {[#] Strongly threatening Bxe5.} Be6 16. b3 a5 17. a4 Nd7 18. Bc7 Re8 19. Nf4 Nc5 20. Nxe6 Nxe6 21. Bb6 Be7 22. Bf2 Bc5 23. Bf5 Bxf2+ 24. Kxf2 Nc5 25. Rd4 g6 26. Bh3 Rad8 27. Rfd1 Rxd4 28. Rxd4 $11 {[%mdl 4096] Endgame KRB-KRN} Kf8 29. Bf1 Ne6 30. Rd2 Nc5 31. Bc4 g5 32. Rd6 Kg7 $1 33. h4 Re7 34. hxg5 hxg5 35. Bf1 g4 {The position is equal.} 36. Be2 gxf3 37. Bxf3 Ne4+ 38. Bxe4 $1 Rxe4 39. Kf3 {Precision: White = 42%, Black = 51%.} 1/2-1/2